[Event "HUN-chT BAZ megyei CSB 2223"]
[Site "Hungary"]
[Date "2023.01.22"]
[Round "6.4"]
[White "Bartok Csato, Gyorgy"]
[Black "Csizmadia, Csenger"]
[Result "0-1"]
[WhiteElo "1805"]
[BlackElo "1920"]
[PlyCount "60"]
[EventDate "2022.09.25"]
[EventType "team-tourn"]
[EventRounds "9"]
[EventCountry "HUN"]
[SourceTitle "EXT 2025"]
[Source "ChessBase"]
[SourceDate "2024.10.14"]
[SourceVersion "1"]
[SourceVersionDate "2024.10.14"]
[SourceQuality "1"]
[WhiteTeam "Kazincbarcika II"]
[BlackTeam "Szirmabesenyo II"]
[WhiteTeamCountry "HUN"]
[BlackTeamCountry "HUN"]

1. e4 Nc6 2. d4 d5 3. e5 Bf5 4. c3 e6 5. Nf3 f6 6. Bb5 Nge7 7. exf6 gxf6 8. Nh4 Bg6 9. Bxc6+ Nxc6 10. Nxg6 hxg6 11. Qg4 Kf7 12. h4 f5 13. Qg3 Bd6 14. Bf4 Bxf4 15. Qxf4 e5 16. dxe5 Nxe5 17. Qg3 Qf6 18. Nd2 f4 19. Qh2 Rae8 20. 0-0-0 g5 21. Nb3 Rxh4 22. Qg1 Rxh1 23. Qxh1 Qf5 24. Qh5+ Ke7 25. Nd4 Qf6 26. Qh7+ Qf7 27. Nf5+ Kf6 28. Qxf7+ Nxf7 29. Rxd5 c6 30. Nd6 Re1+ 0-1

[Event "HUN-chT BAZ megyei CSB 2223"]
[Site "Hungary"]
[Date "2022.09.25"]
[Round "1.3"]
[White "Csizmadia, Csenger"]
[Black "Balazs, Andras"]
[Result "1-0"]
[WhiteElo "1915"]
[BlackElo "1858"]
[PlyCount "123"]
[EventDate "2022.09.25"]
[EventType "team-tourn"]
[EventRounds "9"]
[EventCountry "HUN"]
[SourceTitle "EXT 2025"]
[Source "ChessBase"]
[SourceDate "2024.10.14"]
[SourceVersion "1"]
[SourceVersionDate "2024.10.14"]
[SourceQuality "1"]
[WhiteTeam "Szirmabesenyo II"]
[BlackTeam "Hidasnemeti VSC"]
[WhiteTeamCountry "HUN"]
[BlackTeamCountry "HUN"]

1. Nf3 d6 2. e4 e6 3. d4 c6 4. c4 Nd7 5. Nc3 Be7 6. Bd3 Qc7 7. d5 Nc5 8. Bc2 e5 9. Be3 Nf6 10. b4 Ncd7 11. Nh4 Nxd5 12. Nxd5 cxd5 13. Nf5 d4 14. Nxg7+ Kd8 15. Bh6 Qxc4 16. Bd3 Qc3+ 17. Ke2 Qxb4 18. a3 Qb2+ 19. Qd2 Qxd2+ 20. Kxd2 Nc5 21. Rab1 Nxd3 22. Kxd3 b6 23. f4 Ba6+ 24. Kd2 Kd7 25. Nf5 f6 26. Rb3 Rac8 27. g4 Bc4 28. Rg3 Rhg8 29. Re1 b5 30. Nxe7 Kxe7 31. f5 d5 32. h4 dxe4 33. Rxe4 Bd5 34. Re1 e4 35. g5 Kf7 36. Reg1 Bc4 37. g6+ hxg6 38. fxg6+ Ke6 39. h5 Rc5 40. Rh1 Rf5 41. Rh4 Ke5 42. Rgg4 e3+ 43. Bxe3 dxe3+ 44. Kxe3 Rg5 45. h6 Be6 46. h7 Rh8 47. Rxg5+ fxg5 48. Re4+ Kf6 49. Rxe6+ Kg7 50. Kf3 Kh6 51. Kg4 Rf8 52. Rf6 Rc8 53. Kf5 Re8 54. Ra6 Rf8+ 55. Ke5 g4 56. Rf6 Rh8 57. Kf4 Rc8 58. Kxg4 Rc4+ 59. Kf5 Rc5+ 60. Ke6 Rc8 61. Kf7 a5 62. h8Q+ 1-0

[Event "HUN-chT BAZ megyei CSB 2122"]
[Site "Hungary"]
[Date "2022.03.27"]
[Round "9.6"]
[White "Ivan, Reka Gyogyver"]
[Black "Csizmadia, Csenger"]
[Result "1-0"]
[WhiteElo "1819"]
[BlackElo "1922"]
[PlyCount "57"]
[EventDate "2021.10.17"]
[EventType "team-tourn"]
[EventRounds "9"]
[EventCountry "HUN"]
[SourceTitle "EXT 2025"]
[Source "ChessBase"]
[SourceDate "2024.10.14"]
[SourceVersion "1"]
[SourceVersionDate "2024.10.14"]
[SourceQuality "1"]
[WhiteTeam "Miskolc KisBocsok II"]
[BlackTeam "Szirmabesenyo II"]
[WhiteTeamCountry "HUN"]
[BlackTeamCountry "HUN"]

1. d4 Nf6 2. Bg5 c5 3. d5 d6 4. Nc3 a6 5. a4 Qb6 6. e4 Qxb2 7. Bd2 Qb6 8. f4 Bg4 9. Be2 Bxe2 10. Qxe2 Qd8 11. Nf3 g6 12. Rb1 b6 13. 0-0 Bg7 14. Qc4 0-0 15. e5 Ng4 16. e6 fxe6 17. Ng5 Bd4+ 18. Kh1 Qe8 19. Nxe6 Nd7 20. Nxf8 Qxf8 21. Qe2 Ndf6 22. f5 g5 23. Ne4 Nxe4 24. Qxe4 Nf2+ 25. Rxf2 Bxf2 26. Bxg5 Re8 27. Rxb6 Qg7 28. Qe6+ Kf8 29. Bh6 1-0

[Event "HUN-chT BAZ megyei CSB 2122"]
[Site "Hungary"]
[Date "2021.11.28"]
[Round "3.4"]
[White "Csizmadia, Csenger"]
[Black "Fazekas, Istvan"]
[Result "1/2-1/2"]
[WhiteElo "1918"]
[BlackElo "1598"]
[PlyCount "122"]
[EventDate "2021.10.17"]
[EventType "team-tourn"]
[EventRounds "9"]
[EventCountry "HUN"]
[SourceTitle "EXT 2025"]
[Source "ChessBase"]
[SourceDate "2024.10.14"]
[SourceVersion "1"]
[SourceVersionDate "2024.10.14"]
[SourceQuality "1"]
[WhiteTeam "Szirmabesenyo II"]
[BlackTeam "Kazincbarcika II"]
[WhiteTeamCountry "HUN"]
[BlackTeamCountry "HUN"]

1. Nf3 Nf6 2. c4 Nc6 3. d4 d5 4. cxd5 Nxd5 5. e4 Nf6 6. Nc3 Bg4 7. Be3 e6 8. a3 a6 9. Bc4 Be7 10. Qd2 Qd7 11. Rd1 Rd8 12. b4 0-0 13. Qb2 Qc8 14. Rd2 b5 15. Ba2 Qb7 16. Ng1 Rd7 17. f3 Bh5 18. Nge2 a5 19. d5 axb4 20. dxc6 Rxd2 21. Bxd2 bxc3 22. Bxc3 Qxc6 23. Nd4 Qa6 24. Nc2 Ra8 25. Bb3 Bxa3 26. Nxa3 Qxa3 27. Qc2 c5 28. 0-0 c4 29. Ba2 Qxa2 30. Ra1 Qxa1+ 31. Bxa1 Rxa1+ 32. Kf2 Ra8 33. Qb2 h6 34. Qxb5 Ra2+ 35. Kg3 Bg6 36. Qxc4 Ra3 37. Kf2 Kh7 38. Qc7 Bxe4 39. fxe4 Nxe4+ 40. Ke2 f5 41. Qc4 Ra2+ 42. Ke3 Rxg2 43. Qxe6 Rg5 44. Qc8 Nf6 45. Kf3 Kg6 46. Qc2 Ne4 47. Qc8 Kh5 48. Qe8+ g6 49. Qh8 Rg4 50. Qa8 Ng5+ 51. Kf2 Kh4 52. Qf8 h5 53. Qa3 Ne4+ 54. Kf1 g5 55. Qe3 Rf4+ 56. Kg1 Rf2 57. Kh1 g4 58. Kg1 Rf3 59. Qc1 f4 60. Qe1+ Nf2 61. Kg2 Kg5 1/2-1/2

[Event "HUN-chT BAZ megyei CSB 2122"]
[Site "Hungary"]
[Date "2021.11.14"]
[Round "2.4"]
[White "Balogh, Imre Jr"]
[Black "Csizmadia, Csenger"]
[Result "1-0"]
[WhiteElo "1917"]
[BlackElo "1918"]
[PlyCount "65"]
[EventDate "2021.10.17"]
[EventType "team-tourn"]
[EventRounds "9"]
[EventCountry "HUN"]
[SourceTitle "EXT 2025"]
[Source "ChessBase"]
[SourceDate "2024.10.14"]
[SourceVersion "1"]
[SourceVersionDate "2024.10.14"]
[SourceQuality "1"]
[WhiteTeam "Szerencs Varos"]
[BlackTeam "Szirmabesenyo II"]
[WhiteTeamCountry "HUN"]
[BlackTeamCountry "HUN"]

1. e4 Nc6 2. d4 d5 3. e5 Bf5 4. Be3 e6 5. Bd3 Nge7 6. Ne2 f6 7. exf6 gxf6 8. Ng3 Bg6 9. Bxg6+ hxg6 10. Nc3 Rh4 11. Qf3 Bg7 12. 0-0-0 Qd7 13. Nge2 0-0-0 14. g3 Rh7 15. h4 Nf5 16. Kb1 Nce7 17. Bc1 e5 18. dxe5 fxe5 19. Nxd5 Nxd5 20. c4 e4 21. Qb3 Qf7 22. Rxd5 Rxd5 23. cxd5 Ne7 24. Rd1 Be5 25. Bf4 Bd6 26. Bxd6 cxd6 27. Nf4 Nf5 28. Qc4+ Kb8 29. Qxe4 g5 30. hxg5 Rh2 31. g6 Qf6 32. Qe8+ Kc7 33. Qf7+ 1-0

[Event "HUN-chT BAZ megyei CSB 2122"]
[Site "Hungary"]
[Date "2021.10.17"]
[Round "1.5"]
[White "Gabor, Aron"]
[Black "Csizmadia, Csenger"]
[Result "0-1"]
[WhiteElo "1652"]
[BlackElo "1914"]
[PlyCount "76"]
[EventDate "2021.10.17"]
[EventType "team-tourn"]
[EventRounds "9"]
[EventCountry "HUN"]
[SourceTitle "EXT 2025"]
[Source "ChessBase"]
[SourceDate "2024.10.14"]
[SourceVersion "1"]
[SourceVersionDate "2024.10.14"]
[SourceQuality "1"]
[WhiteTeam "Tiszaujvaros"]
[BlackTeam "Szirmabesenyo II"]
[WhiteTeamCountry "HUN"]
[BlackTeamCountry "HUN"]

1. d4 Nf6 2. Nc3 d5 3. Bg5 Bf5 4. e3 e6 5. Bd3 c6 6. Nf3 Nbd7 7. Bxf5 exf5 8. Ne5 Qb6 9. Nxd7 Nxd7 10. Qd3 Qxb2 11. 0-0 Qa3 12. Rab1 b5 13. Rb3 Qd6 14. Qxf5 g6 15. Qg4 f5 16. Qf3 Nb6 17. Bf4 Qe6 18. Be5 Rg8 19. Ne2 Nc4 20. Nf4 Qd7 21. Rd1 Kf7 22. Qh3 h6 23. e4 dxe4 24. Rbb1 Rd8 25. Qb3 g5 26. Nh5 Qe6 27. f4 Rg6 28. a4 a6 29. Ra1 Rd5 30. axb5 Rxb5 31. Qg3 a5 32. h4 gxh4 33. Qxh4 Be7 34. Qh3 Rg4 35. Qc3 Rb4 36. Qh3 Rb2 37. Qc3 e3 38. Ng7 Qd5 0-1